La Conflictivitat competencial : catàleg de les controvèrsies entre l'Estat i la Generalitat de Catalunya : Volum I, 1981-1985 / Xavier Castrillo, M. Teresa Pagès catàleg de les controvèrsies entre l'Estat i la Generalitat de Catalunya :
Descripción Física:
478 p. ; 24 cm
MARC
| LEADER | 00000nam a2200000Ia 4500 | ||
|---|---|---|---|
| 001 | 10759 | ||
| 008 | 160829s1994 xx 000 0 cat d | ||
| 080 | |a M-3-280 | ||
| 100 | |a Castrillo, Xavier |9 944 | ||
| 245 | |a La Conflictivitat competencial : |b catàleg de les controvèrsies entre l'Estat i la Generalitat de Catalunya : |b Volum I, 1981-1985 / Xavier Castrillo, M. Teresa Pagès | ||
| 260 | |a Barcelona : |b Generalitat de Catalunya, Institut d'Estudis Autonòmics, |c 1994 | ||
| 300 | |a 478 p. ; |c 24 cm | ||
| 650 | |a Competència (Dret) |x Espanya |x Comunitats autònomes |9 35883 | ||
| 700 | |a Pagès, M. Teresa |9 35034 | ||
| 700 | |a Institut d'Estudis Autonòmics (Catalunya) |9 11016 | ||
| 710 | 1 | |a Catalunya. |b Generalitat |9 12125 | |
| 901 | |a Arxiu | ||
| 942 | |n 1 | ||
| 952 | |0 0 |1 0 |4 0 |6 M3280 |7 1 |9 46739 |a Arxiu |b Arxiu |d 2016-12-01 |l 0 |o M-3-280 |p 10759 |r 2016-12-01 00:00:00 |w 2016-12-01 |y ARXIU | ||
| 999 | |c 50532 |d 50532 | ||